[Event "Krefeld op"]
[Site "Krefeld"]
[Date "2023.08.05"]
[Round "6"]
[White "Koch, Juergen"]
[Black "Nickel, Jonas"]
[Result "0-1"]
[WhiteElo "1554"]
[BlackElo "1797"]
[PlyCount "82"]
[EventDate "2023.08.02"]
[EventType "swiss"]
[EventRounds "9"]
[EventCountry "GER"]
[SourceTitle "CBM 215 Extra"]
[Source "ChessBase"]
[SourceDate "2023.09.30"]
[SourceVersion "1"]
[SourceVersionDate "2023.09.30"]
[SourceQuality "1"]

1. d4 d5 2. c4 c6 3. Nf3 e6 4. Bf4 dxc4 5. e3 b5 6. a4 Bb4+ 7. Nc3 Nf6 8. Be2 Bb7 9. 0-0 a6 10. Qc2 Nbd7 11. b3 Bxc3 12. Qxc3 Nd5 13. Qb2 Nxf4 14. exf4 cxb3 15. Qxb3 Nb6 16. a5 Nd5 17. g3 0-0 18. Rfd1 Qe7 19. Rac1 Rfd8 20. Rc5 Rac8 21. Ne5 Qd6 22. Bh5 g6 23. Bf3 Ne7 24. Qc3 Rc7 25. Bg2 Rdc8 26. h4 Nf5 27. Rd3 f6 28. Nf3 Rd8 29. Qd2 Re8 30. Bh3 Nxd4 31. Nxd4 Qxc5 32. Bxe6+ Kg7 33. Bb3 Rce7 34. Qa2 Qc1+ 35. Rd1 Re1+ 36. Rxe1 Rxe1+ 37. Kg2 c5+ 38. Bd5 Rg1+ 39. Kh3 Qf1+ 40. Kg4 h5+ 41. Kf3 Qd1+ 0-1

[Event "Krefeld op"]
[Site "Krefeld"]
[Date "2023.08.03"]
[Round "3"]
[White "Nickel, Jonas"]
[Black "Drenthen, Arjan"]
[Result "0-1"]
[WhiteElo "1797"]
[BlackElo "1931"]
[PlyCount "134"]
[EventDate "2023.08.02"]
[EventType "swiss"]
[EventRounds "9"]
[EventCountry "GER"]
[SourceTitle "CBM 215 Extra"]
[Source "ChessBase"]
[SourceDate "2023.09.30"]
[SourceVersion "1"]
[SourceVersionDate "2023.09.30"]
[SourceQuality "1"]

1. e4 e5 2. Nf3 Nf6 3. Nxe5 d6 4. Nf3 Nxe4 5. Nc3 Nxc3 6. dxc3 Be7 7. Bd3 Nc6 8. h3 Be6 9. Nd4 Nxd4 10. cxd4 Qd7 11. Qf3 c6 12. Bd2 Bf6 13. c3 0-0-0 14. Kd1 Kb8 15. Kc2 h6 16. b4 Bd5 17. Be4 Bc4 18. Rhb1 Rhe8 19. g4 Qe6 20. Re1 Bxa2 21. d5 Bxd5 22. Bxd5 Qxd5 23. Qxd5 cxd5 24. Be3 b6 25. Red1 Rc8 26. Ra3 d4 27. Bxd4 Bxd4 28. Rxd4 Re2+ 29. Rd2 Rce8 30. c4 R8e4 31. Rc3 Kc7 32. Kd3 Rxd2+ 33. Kxd2 Kc6 34. Kd3 Rf4 35. Ke3 g5 36. f3 a6 37. Rc2 f5 38. Rc3 fxg4 39. hxg4 a5 40. bxa5 bxa5 41. Ra3 Kb6 42. Rd3 Rxc4 43. Rxd6+ Rc6 44. Rd8 Kc5 45. f4 gxf4+ 46. Kxf4 Ra6 47. g5 hxg5+ 48. Kxg5 a4 49. Rc8+ Kb4 50. Rb8+ Kc3 51. Rf8 Rb6 52. Rf3+ Kb2 53. Rf2+ Kb3 54. Rf3+ Ka2 55. Kg4 a3 56. Rf2+ Rb2 57. Rf1 Rc2 58. Rf8 Ka1 59. Rf3 a2 60. Rb3 Rb2 61. Rf3 Kb1 62. Rf1+ Kc2 63. Rf2+ Kb3 64. Rf3+ Ka4 65. Rf8 Rb1 66. Ra8+ Kb3 67. Rb8+ Kc4 0-1

[Event "Heusenstamm Schloss op"]
[Site "Heusenstamm"]
[Date "2022.11.19"]
[Round "5"]
[White "Stuemer, Paul"]
[Black "Nickel, Jonas"]
[Result "1-0"]
[WhiteElo "2009"]
[BlackElo "1771"]
[PlyCount "45"]
[EventDate "2022.11.17"]
[EventType "swiss"]
[EventRounds "7"]
[EventCountry "GER"]
[SourceTitle "CBM 212 Extra"]
[Source "ChessBase"]
[SourceDate "2023.03.31"]
[SourceVersion "1"]
[SourceVersionDate "2023.03.31"]
[SourceQuality "1"]

1. Nf3 d5 2. e3 Nf6 3. c4 e6 4. b3 c6 5. Bb2 Nbd7 6. Be2 Bd6 7. 0-0 0-0 8. d4 b6 9. Ne5 Bb7 10. Nd2 Qe7 11. Bf3 c5 12. Qc2 Rac8 13. Rac1 Rfd8 14. Qb1 Ba8 15. Rfe1 cxd4 16. Nxd7 Qxd7 17. exd4 Bf4 18. Rcd1 Qc7 19. Nf1 dxc4 20. Bxa8 Rxa8 21. bxc4 Qxc4 22. g3 Qd5 23. gxf4 1-0

[Event "Main Vogelsberg op 16th"]
[Site "Waechtersbach"]
[Date "2022.10.01"]
[Round "2"]
[White "Nickel, Jonas"]
[Black "Eurich, Jannik"]
[Result "0-1"]
[WhiteElo "1812"]
[BlackElo "2074"]
[PlyCount "98"]
[EventDate "2022.09.30"]
[EventType "swiss"]
[EventRounds "7"]
[EventCountry "GER"]
[SourceTitle "CBM 210 Extra"]
[Source "ChessBase"]
[SourceDate "2022.11.30"]
[SourceVersion "1"]
[SourceVersionDate "2022.11.30"]
[SourceQuality "1"]

1. e4 c5 2. Nf3 d6 3. d4 cxd4 4. Nxd4 Nf6 5. Nc3 a6 6. h3 e5 7. Nde2 h5 8. Bg5 Nbd7 9. Nd5 b5 10. Nec3 Bb7 11. a4 b4 12. Nxb4 Qa5 13. Nbd5 Nxd5 14. exd5 Nb6 15. Bd2 Nxd5 16. Bc4 Nxc3 17. Bxc3 Qc5 18. Qd3 d5 19. Bb3 d4 20. 0-0-0 Be7 21. Qf5 0-0 22. Bd2 Rac8 23. Rhe1 e4 24. Qxc5 Bxc5 25. Ba5 Rfe8 26. Kb1 g6 27. g4 hxg4 28. hxg4 Kg7 29. Bc4 Rh8 30. Rh1 Rxh1 31. Rxh1 Ba7 32. b3 e3 33. Re1 exf2 34. Rf1 d3 35. Bxd3 Bg2 36. Rd1 Rc5 37. Bd2 Rc6 38. b4 Rd6 39. Bc4 Kg8 40. Kc1 Rd4 41. Bxa6 Rxg4 42. Bc3 Be3+ 43. Kb1 Bg5 44. Be2 Re4 45. Bb5 Bh4 46. Kb2 Re1 47. Rd7 Bc6 48. Rc7 Bxb5 49. axb5 Re8 0-1

[Event "Main Vogelsberg op 15th"]
[Site "Waechtersbach"]
[Date "2021.10.03"]
[Round "5.6"]
[White "Nickel, Jonas"]
[Black "Korte, Markus"]
[Result "1-0"]
[WhiteElo "1761"]
[BlackElo "1941"]
[PlyCount "65"]
[EventDate "2021.10.01"]
[EventType "swiss"]
[EventRounds "5"]
[EventCountry "GER"]
[SourceTitle "EXT 2023"]
[Source "ChessBase"]
[SourceDate "2022.10.05"]
[SourceVersion "1"]
[SourceVersionDate "2022.10.05"]
[SourceQuality "1"]

1. e4 e5 2. Nf3 Nf6 3. Nxe5 d6 4. Nf3 Nxe4 5. Nc3 Nf6 6. d4 Be7 7. h3 0-0 8. Bd3 b6 9. Ne2 Re8 10. 0-0 Bb7 11. Ng3 Nbd7 12. c3 Bf8 13. Qc2 c5 14. Ng5 g6 15. N5e4 cxd4 16. cxd4 Rc8 17. Nxf6+ Qxf6 18. Qa4 Bc6 19. Bb5 Bxb5 20. Qxb5 Nb8 21. Be3 Bg7 22. Rac1 Qe7 23. Rfe1 Qd7 24. Qd3 d5 25. Ne2 Qe7 26. Nc3 Rcd8 27. Qb5 Qb7 28. Bg5 Rxe1+ 29. Rxe1 Rf8 30. Nxd5 a6 31. Qc4 b5 32. Qc5 Nc6 33. Qxc6 1-0

[Event "Heusenstamm Sparkassen op-A 6th"]
[Site "Heusenstamm"]
[Date "2019.11.24"]
[Round "6"]
[White "Kolker, Vladislav"]
[Black "Nickel, Jonas"]
[Result "0-1"]
[WhiteElo "1911"]
[BlackElo "1765"]
[PlyCount "36"]
[EventDate "2019.11.21"]
[EventType "swiss"]
[EventRounds "7"]
[EventCountry "GER"]
[SourceTitle "CBM 194 Extra"]
[Source "ChessBase"]
[SourceDate "2020.03.31"]
[SourceVersion "1"]
[SourceVersionDate "2020.03.31"]
[SourceQuality "1"]

1. e4 c5 2. Nf3 g6 3. d4 cxd4 4. Nxd4 Bg7 5. Nc3 Nc6 6. Be3 Nf6 7. f3 0-0 8. g4 Qb6 9. Rb1 d5 10. Nf5 d4 11. Nxd4 Rd8 12. g5 Nxd4 13. gxf6 Nxc2+ 14. Qxc2 Qxe3+ 15. Qe2 Qxe2+ 16. Bxe2 Bxf6 17. 0-0 Rd2 18. Rfd1 Bxc3 0-1

[Event "Heusenstamm Sparkassen op-A 6th"]
[Site "Heusenstamm"]
[Date "2019.11.24"]
[Round "7"]
[White "Weiss, Matthias"]
[Black "Nickel, Jonas"]
[Result "1-0"]
[WhiteElo "2036"]
[BlackElo "1765"]
[PlyCount "47"]
[EventDate "2019.11.21"]
[EventType "swiss"]
[EventRounds "7"]
[EventCountry "GER"]
[SourceTitle "CBM 194 Extra"]
[Source "ChessBase"]
[SourceDate "2020.03.31"]
[SourceVersion "1"]
[SourceVersionDate "2020.03.31"]
[SourceQuality "1"]

1. e4 c5 2. Nf3 g6 3. c3 Bg7 4. d3 Nc6 5. g3 e6 6. Bg2 d5 7. Nbd2 Nf6 8. 0-0 0-0 9. Re1 b5 10. e5 Nd7 11. d4 Qb6 12. Nf1 f6 13. exf6 Nxf6 14. dxc5 Qxc5 15. Be3 Qd6 16. Bf4 Qc5 17. Ne5 Nh5 18. Be3 Qd6 19. Nxc6 Qxc6 20. Bd4 Bd7 21. Ne3 Nf6 22. Bxf6 Rxf6 23. Nxd5 Qc5 24. b4 1-0

[Event "Heusenstamm Sparkassen op-A 6th"]
[Site "Heusenstamm"]
[Date "2019.11.23"]
[Round "4"]
[White "Weber, Jannis"]
[Black "Nickel, Jonas"]
[Result "1-0"]
[WhiteElo "1942"]
[BlackElo "1765"]
[PlyCount "43"]
[EventDate "2019.11.21"]
[EventType "swiss"]
[EventRounds "7"]
[EventCountry "GER"]
[SourceTitle "CBM 194 Extra"]
[Source "ChessBase"]
[SourceDate "2020.03.31"]
[SourceVersion "1"]
[SourceVersionDate "2020.03.31"]
[SourceQuality "1"]

1. e4 c5 2. Nf3 g6 3. c3 Bg7 4. d4 cxd4 5. cxd4 d5 6. e5 Bg4 7. Nc3 Nc6 8. Be2 Nh6 9. h3 Bxf3 10. Bxf3 e6 11. g4 Qb6 12. Ne2 0-0 13. Bg2 Rac8 14. 0-0 Nb4 15. Bg5 Nc2 16. Rc1 Qxb2 17. Qd2 Nxg4 18. hxg4 Qxa2 19. Be7 Rfe8 20. Bc5 Qa6 21. Rxc2 b6 22. Ra2 1-0

[Event "Main Vogelsberg op 14th"]
[Site "Waechtersbach"]
[Date "2019.06.09"]
[Round "5"]
[White "Nickel, Jonas"]
[Black "Pishanidar, Borzou"]
[Result "1/2-1/2"]
[WhiteElo "1766"]
[BlackElo "1765"]
[PlyCount "122"]
[EventDate "2019.06.07"]
[EventType "swiss"]
[EventRounds "7"]
[EventCountry "GER"]
[SourceTitle "CBM 190 Extra"]
[Source "ChessBase"]
[SourceDate "2019.07.15"]
[SourceVersion "1"]
[SourceVersionDate "2019.07.15"]
[SourceQuality "1"]

1. e4 c5 2. d3 Nc6 3. Nf3 d6 4. g3 g6 5. Bg2 Bg7 6. c3 Nf6 7. Nbd2 Rb8 8. 0-0 0-0 9. Re1 Qc7 10. h3 b6 11. Kh2 Ba6 12. Qc2 Ne5 13. Nxe5 dxe5 14. Nc4 Rbd8 15. a4 Rd7 16. Be3 Rfd8 17. Rad1 Ne8 18. f4 exf4 19. Bxf4 e5 20. Bg5 f6 21. Bc1 Bc8 22. Ne3 Bb7 23. Nd5 Bxd5 24. exd5 Nd6 25. h4 Nf5 26. h5 Bf8 27. Qf2 Rf7 28. c4 Bd6 29. Be4 Ne7 30. Kg2 Kf8 31. Rh1 Ke8 32. hxg6 hxg6 33. Rh8+ Kd7 34. Rdh1 Qc8 35. R8h7 Rdf8 36. Bxg6 Nxg6 37. Qxf6 Rxh7 38. Rxh7+ Ne7 39. Qe6+ Kc7 40. Rxe7+ Bxe7 41. Qxe7+ Kb8 42. Qxe5+ Kb7 43. Qe7+ Ka6 44. d6 Qc6+ 45. Qe4 Qxd6 46. Bf4 Qd7 47. b3 Rh8 48. Be5 Re8 49. d4 Qe6 50. Qd3 Qg4 51. b4 Qe6 52. bxc5 bxc5 53. Qb3 Qb6 54. Qb5+ Qxb5 55. axb5+ Kb6 56. Kf3 Ka5 57. Ke4 Kb4 58. Kd3 cxd4 59. Bxd4 Rc8 60. Bc3+ Kb3 61. Bd4 Rxc4 1/2-1/2

[Event "Main Vogelsberg op 14th"]
[Site "Waechtersbach"]
[Date "2019.06.08"]
[Round "2"]
[White "Sever, Mustafa Batuhan"]
[Black "Nickel, Jonas"]
[Result "1-0"]
[WhiteElo "2058"]
[BlackElo "1766"]
[PlyCount "67"]
[EventDate "2019.06.07"]
[EventType "swiss"]
[EventRounds "7"]
[EventCountry "GER"]
[SourceTitle "CBM 190 Extra"]
[Source "ChessBase"]
[SourceDate "2019.07.15"]
[SourceVersion "1"]
[SourceVersionDate "2019.07.15"]
[SourceQuality "1"]

1. e4 c5 2. Nf3 g6 3. d4 cxd4 4. Nxd4 Bg7 5. Nc3 Nc6 6. Nde2 Nf6 7. g3 0-0 8. Bg2 d6 9. h3 Rb8 10. a4 b6 11. 0-0 Bb7 12. Be3 Na5 13. b3 Nd7 14. Qd2 Rc8 15. Bd4 Bxd4 16. Qxd4 Nc6 17. Qd2 Nc5 18. Rad1 f5 19. exf5 Rxf5 20. Bxc6 Bxc6 21. Nd4 Rf7 22. Nxc6 Rxc6 23. Rfe1 Nd7 24. Nd5 Kg7 25. Nf4 Qc8 26. Ne6+ Kg8 27. c4 Nc5 28. Ng5 Nxb3 29. Qd5 e6 30. Rxe6 Rc5 31. Qe4 Rxc4 32. Re8+ Kg7 33. Rxc8 Rxe4 34. Nxe4 1-0

[Event "Heusenstamm Sparkassen op-A 5th"]
[Site "Heusenstamm"]
[Date "2018.11.24"]
[Round "5"]
[White "Nickel, Jonas"]
[Black "Deutsch, Christoph"]
[Result "1/2-1/2"]
[WhiteElo "1788"]
[BlackElo "1876"]
[PlyCount "37"]
[EventDate "2018.11.22"]
[EventType "swiss"]
[EventRounds "7"]
[EventCountry "GER"]
[SourceTitle "CBM 188 Extra"]
[Source "ChessBase"]
[SourceDate "2019.02.26"]
[SourceVersion "1"]
[SourceVersionDate "2019.02.26"]
[SourceQuality "1"]

1. e4 e5 2. Nf3 Nc6 3. Bb5 Nf6 4. 0-0 Nxe4 5. Re1 Nd6 6. Bxc6 dxc6 7. Nxe5 Be7 8. d4 0-0 9. c3 Bf5 10. Nd2 Bg5 11. Nef3 Bf6 12. Nf1 Re8 13. h3 Ne4 14. Bf4 Be7 15. Qb3 b6 16. Ne5 Qd5 17. Rad1 Qxb3 18. axb3 Bd6 19. Ne3 1/2-1/2

[Event "Heusenstamm Sparkassen op-A 4th"]
[Site "Heusenstamm"]
[Date "2017.11.26"]
[Round "7"]
[White "Becker, Peter"]
[Black "Nickel, Jonas"]
[Result "0-1"]
[WhiteElo "1952"]
[BlackElo "1776"]
[PlyCount "92"]
[EventDate "2017.11.23"]
[EventType "swiss"]
[EventRounds "7"]
[EventCountry "GER"]
[SourceTitle "EXT 2019"]
[Source "ChessBase"]
[SourceDate "2018.10.10"]
[SourceVersion "1"]
[SourceVersionDate "2018.10.10"]
[SourceQuality "1"]

1. f4 d5 2. e3 Nf6 3. Nf3 g6 4. b3 Bg7 5. Bb2 c5 6. Bb5+ Bd7 7. Bxd7+ Nbxd7 8. 0-0 b5 9. d3 Rc8 10. Nbd2 Nb6 11. Qe2 0-0 12. c4 a6 13. a4 bxa4 14. bxa4 Qd6 15. Be5 Qc6 16. a5 Nbd7 17. cxd5 Nxd5 18. Bxg7 Kxg7 19. Nc4 Rb8 20. g3 Rb3 21. e4 Nb4 22. Rfd1 Rb8 23. d4 cxd4 24. Nxd4 Qc5 25. Rac1 Nf6 26. Kg2 Nc6 27. Nxb3 Rxb3 28. Nd2 Rc3 29. Rxc3 Qxc3 30. Qxa6 Qc2 31. Qe2 Nxe4 32. Kf1 Nc3 33. Rc1 Qxc1+ 34. Qe1 Qxe1+ 35. Kxe1 Nxa5 36. Nf3 Nc6 37. Kd2 Nd5 38. Kd3 Kf6 39. Ke4 Nc3+ 40. Kd3 Nd5 41. Ke4 Ndb4 42. g4 h6 43. h4 Ke6 44. h5 f5+ 45. gxf5+ gxf5+ 46. Ke3 Nd5+ 0-1

[Event "Heusenstamm Sparkassen op-A 3rd"]
[Site "Heusenstamm"]
[Date "2016.11.27"]
[Round "6"]
[White "Nickel, Jonas"]
[Black "Eg, Karlheinz"]
[Result "1/2-1/2"]
[WhiteElo "1777"]
[BlackElo "1820"]
[PlyCount "62"]
[EventDate "2016.11.24"]
[EventType "swiss"]
[EventRounds "7"]
[EventCountry "GER"]
[SourceTitle "EXT 2018"]
[Source "ChessBase"]
[SourceDate "2017.10.13"]
[SourceVersion "1"]
[SourceVersionDate "2017.10.13"]
[SourceQuality "1"]

1. e4 e5 2. f4 exf4 3. Nf3 Be7 4. Bc4 Bh4+ 5. Kf1 d6 6. Nc3 Bg4 7. d4 Ne7 8. Bxf4 Ng6 9. Be3 c6 10. h3 Bxf3 11. Qxf3 0-0 12. g3 Qf6 13. Qxf6 Bxf6 14. a4 Nd7 15. h4 h6 16. Rd1 Rfe8 17. h5 Ngf8 18. Bd3 Ne6 19. Ne2 Ng5 20. Nc3 Rad8 21. Kg2 c5 22. Bxg5 hxg5 23. Nb5 Nb6 24. dxc5 dxc5 25. b3 a6 26. Nc7 Re7 27. Nd5 Nxd5 28. exd5 Bc3 29. Bc4 Rd6 30. Rhf1 Kh7 31. Rf3 Bd4 1/2-1/2

[Event "Heusenstamm Sparkassen op-A 3rd"]
[Site "Heusenstamm"]
[Date "2016.11.27"]
[Round "4"]
[White "Nickel, Jonas"]
[Black "Huschens, Matthias"]
[Result "0-1"]
[WhiteElo "1777"]
[BlackElo "1950"]
[PlyCount "66"]
[EventDate "2016.11.24"]
[EventType "swiss"]
[EventRounds "7"]
[EventCountry "GER"]
[SourceTitle "EXT 2018"]
[Source "ChessBase"]
[SourceDate "2017.10.13"]
[SourceVersion "1"]
[SourceVersionDate "2017.10.13"]
[SourceQuality "1"]

1. e4 d6 2. f4 g6 3. Nf3 Bg7 4. Bc4 c5 5. c3 Nc6 6. 0-0 e6 7. d3 Nge7 8. Nbd2 0-0 9. Rb1 a6 10. a4 Rb8 11. Bb3 b5 12. c4 Nb4 13. Bc2 Qc7 14. axb5 axb5 15. b3 Na2 16. Bb2 Nc3 17. Bxc3 Bxc3 18. cxb5 d5 19. e5 Rxb5 20. Qe2 Ra5 21. Rfc1 Ra2 22. Bd1 Qa5 23. Rc2 Rxc2 24. Bxc2 Qb4 25. g3 Nf5 26. Kg2 Bb7 27. Kh3 Ra8 28. Nf1 Ra2 29. Qd1 d4 30. Ng5 Ne3 31. Nxe3 dxe3 32. Ne4 Bxe4 33. dxe4 Qd4 0-1

[Event "Heusenstamm Sparkassen op-A 3rd"]
[Site "Heusenstamm"]
[Date "2016.11.24"]
[Round "1"]
[White "Schloessner, Henrik"]
[Black "Nickel, Jonas"]
[Result "1-0"]
[WhiteElo "2050"]
[BlackElo "1777"]
[PlyCount "65"]
[EventDate "2016.11.24"]
[EventType "swiss"]
[EventRounds "7"]
[EventCountry "GER"]
[SourceTitle "EXT 2018"]
[Source "ChessBase"]
[SourceDate "2017.10.13"]
[SourceVersion "1"]
[SourceVersionDate "2017.10.13"]
[SourceQuality "1"]

1. e4 c5 2. Nf3 e6 3. g3 Nc6 4. Bg2 Nf6 5. d3 d5 6. e5 Nd7 7. Qe2 Be7 8. 0-0 0-0 9. Re1 b5 10. Bf4 a5 11. Nbd2 a4 12. Nf1 b4 13. c4 bxc3 14. bxc3 Ba6 15. h4 a3 16. N1h2 Rb8 17. Rab1 Qc7 18. Ng5 Rxb1 19. Rxb1 Rb8 20. Rd1 Bxg5 21. hxg5 Rb2 22. Qh5 Nf8 23. Ng4 c4 24. Nf6+ Kh8 25. d4 Rxa2 26. Bf3 Rc2 27. Kg2 h6 28. Rh1 Ng6 29. Qg4 Nxf4+ 30. gxf4 a2 31. Rxh6+ gxh6 32. gxh6 a1Q 33. Qg7# 1-0

[Event "Main Vogelsberg op 10th"]
[Site "Hanau"]
[Date "2015.05.25"]
[Round "6"]
[White "Spahn, Tobias"]
[Black "Nickel, Jonas"]
[Result "0-1"]
[WhiteElo "1523"]
[BlackElo "1776"]
[PlyCount "40"]
[EventDate "2015.05.22"]
[EventType "swiss"]
[EventRounds "7"]
[EventCountry "GER"]
[SourceTitle "EXT 2016"]
[Source "ChessBase"]
[SourceDate "2015.10.08"]
[SourceVersion "1"]
[SourceVersionDate "2015.10.08"]
[SourceQuality "1"]

1. e4 c5 2. Nf3 e6 3. d4 cxd4 4. Nxd4 Bc5 5. Be3 Qb6 6. b3 Nc6 7. c3 Nf6 8. f3 e5 9. Nc2 Bxe3 10. Nxe3 Qxe3+ 11. Qe2 Qxe2+ 12. Bxe2 d5 13. Bd3 0-0 14. 0-0 Rd8 15. Na3 Be6 16. Rfd1 Rd7 17. Rd2 dxe4 18. fxe4 Nxe4 19. Rdd1 Nxc3 20. Rd2 e4 0-1

[Event "Karl Mala Memorial op 14th"]
[Site "Frankfurt"]
[Date "2011.07.10"]
[Round "6"]
[White "Traut, Stefan"]
[Black "Nickel, Jonas"]
[Result "1/2-1/2"]
[WhiteElo "1811"]
[BlackElo "1635"]
[PlyCount "30"]
[EventDate "2011.07.07"]
[EventType "swiss"]
[EventRounds "7"]
[EventCountry "GER"]
[SourceTitle "EXT 2012"]
[Source "ChessBase"]
[SourceDate "2011.11.24"]
[SourceVersion "1"]
[SourceVersionDate "2011.11.24"]
[SourceQuality "1"]

1. d4 d5 2. Nf3 Nf6 3. c4 c6 4. e3 e6 5. Nc3 Nbd7 6. Bd3 Bd6 7. 0-0 0-0 8. b3 Qa5 9. Bb2 dxc4 10. bxc4 Ba3 11. Qc2 Bxb2 12. Qxb2 Qb6 13. Rfb1 Qxb2 14. Rxb2 Rd8 15. Rab1 Nb6 1/2-1/2

[Event "Karl Mala Memorial op 14th"]
[Site "Frankfurt"]
[Date "2011.07.08"]
[Round "2"]
[White "Rondonuwu, Grover"]
[Black "Nickel, Jonas"]
[Result "1-0"]
[WhiteElo "2020"]
[BlackElo "1635"]
[PlyCount "51"]
[EventDate "2011.07.07"]
[EventType "swiss"]
[EventRounds "7"]
[EventCountry "GER"]
[SourceTitle "EXT 2012"]
[Source "ChessBase"]
[SourceDate "2011.11.24"]
[SourceVersion "1"]
[SourceVersionDate "2011.11.24"]
[SourceQuality "1"]

1. e4 c5 2. Nf3 e6 3. d4 cxd4 4. Nxd4 Bc5 5. Nb3 Bb6 6. Bd3 Ne7 7. 0-0 0-0 8. c4 f5 9. Nc3 Nbc6 10. c5 Bc7 11. Nb5 Ne5 12. Bc2 Bb8 13. f4 N5c6 14. Nd6 fxe4 15. Bxe4 Bxd6 16. Qxd6 Nf5 17. Qd3 h6 18. g4 Nfe7 19. Be3 e5 20. f5 b6 21. Rad1 Rb8 22. Qc4+ Kh8 23. Rd6 Rf6 24. Rxf6 gxf6 25. Bxh6 bxc5 26. Qf7 1-0

[Event "Rhein Main op-B 14th"]
[Site "Bad Homburg"]
[Date "2011.06.23"]
[Round "3"]
[White "Nickel, Jonas"]
[Black "Honert, Stefan"]
[Result "1/2-1/2"]
[WhiteElo "1635"]
[BlackElo "1392"]
[PlyCount "38"]
[EventDate "2011.06.22"]
[EventType "swiss"]
[EventRounds "7"]
[EventCountry "GER"]
[SourceTitle "EXT 2012"]
[Source "ChessBase"]
[SourceDate "2011.11.24"]
[SourceVersion "1"]
[SourceVersionDate "2011.11.24"]
[SourceQuality "1"]

1. e4 d5 2. exd5 Nf6 3. Nf3 Qxd5 4. Nc3 Qa5 5. d4 Bf5 6. Bd3 Bg6 7. Bf4 Nd5 8. Qd2 Nxf4 9. Qxf4 Bxd3 10. cxd3 Nd7 11. 0-0 e6 12. Ne5 Nf6 13. Ne4 Be7 14. g4 0-0 15. Nxf6+ Bxf6 16. g5 Bxe5 17. dxe5 Rad8 18. Rfd1 Qb6 19. Rd2 Rd4 1/2-1/2

[Event "Rhein Main op-B 14th"]
[Site "Bad Homburg"]
[Date "2011.06.23"]
[Round "2"]
[White "Vogel, Wilfrid"]
[Black "Nickel, Jonas"]
[Result "1-0"]
[WhiteElo "1850"]
[BlackElo "1635"]
[PlyCount "47"]
[EventDate "2011.06.22"]
[EventType "swiss"]
[EventRounds "7"]
[EventCountry "GER"]
[SourceTitle "EXT 2012"]
[Source "ChessBase"]
[SourceDate "2011.11.24"]
[SourceVersion "1"]
[SourceVersionDate "2011.11.24"]
[SourceQuality "1"]

1. d4 Nf6 2. c4 e6 3. Nc3 Bb4 4. a3 Bxc3+ 5. bxc3 c5 6. Qc2 Nc6 7. Nf3 0-0 8. e4 Ne8 9. Bd3 f6 10. 0-0 g5 11. e5 g4 12. exf6 gxf3 13. Bxh7+ Kh8 14. Bh6 Rxf6 15. Bg5 cxd4 16. Be4 fxg2 17. Rfd1 Qa5 18. Bxf6+ Nxf6 19. Bxc6 bxc6 20. Qg6 Qe5 21. Rxd4 Nh7 22. Qe8+ Kg7 23. Rg4+ Ng5 24. h4 1-0